|
|
|
|
| LEADER |
00000nam0a2200000 4500 |
| 001 |
104989 |
| 005 |
20231031114247.0 |
| 010 |
|
|
|a 9785774904525
|
| 035 |
|
|
|a (RuTPU)RU\TPU\book\113228
|
| 035 |
|
|
|a RU\TPU\book\57416
|
| 035 |
|
|
|a RU\TPU\book\113228
|
| 090 |
|
|
|a 104989
|
| 100 |
|
|
|a 20030828d2007 m y0rusy50 ca
|
| 101 |
0 |
|
|a rus
|
| 102 |
|
|
|a RU
|
| 105 |
|
|
|a y j 001zy
|
| 200 |
1 |
|
|a Бюджетное управление предприятием
|e Учебно-практическое пособие
|f А. П. Дугельный, В. Ф. Комаров
|
| 205 |
|
|
|a 3-е изд.
|
| 210 |
|
|
|a Москва
|c Дело
|d 2007
|
| 215 |
|
|
|a 432 с.
|
| 320 |
|
|
|a Библиогр.: с. 430-431.
|
| 330 |
|
|
|a Рассматривается новый способ эффективного управления финансами предприятия, основу которого составляет бюджетный подход. При этом в качестве финансовой модели предприятия предлагается совокупность бюджетов, позволяющая определить, как будут меняться затраты, прибыль и потребность в финансах в зависимости от управленческих решений и условий внешней среды. Для преподавателей и студентов экономических вузов, а также специалистов, занимающихся управлением предприятиями во всех сферах народного хозяйства, предпринимателей и менеджеров.
|
| 333 |
|
|
|a Исключено из фонда НТБ ТПУ
|
| 686 |
|
|
|a У9(2)261.9я73
|v LBC/SL-A
|2 rubbk
|
| 686 |
|
|
|a У9(2)29-26я73
|v LBC/SL-A
|2 rubbk
|
| 700 |
|
1 |
|a Дугельный
|b А. П.
|g Александр Петрович
|
| 701 |
|
1 |
|a Комаров
|b В. Ф.
|g Владимир Федорович
|
| 801 |
|
1 |
|a RU
|b 63413507
|c 20061110
|g PSBO
|
| 801 |
|
2 |
|a RU
|b 63413507
|c 20210210
|g PSBO
|
| 942 |
|
|
|c BK
|
| 959 |
|
|
|a 90/20061025
|d 1
|e 0
|f ЧЗГЛ:1
|